000 00505nam a2200181 i 4500
001 67849
003 ES-MaACL
005 20250616063043.0
007 t|
008 040206s1971 sp ||||1| spa d
100 1 _aGállego, Julián,
_d1919-2006
_953537
245 1 0 _aApócrifos españoles /
_cJulián Gallego.
250 _a[1ª ed.].
260 _a[Barcelona] :
_bPlaza & Janés,
_c[1971]
300 _a247 p. ;
_c19 cm.
852 _aES-MaACL
_jC-45330
_bR.76346
999 _c67849
_d67849